[Event "RUS-chT 12th"]
[Site "Sochi"]
[Date "2005.04.22"]
[Round "4"]
[White "Kharlov, Andrei"]
[Black "Jakovenko, Dmitrij"]
[Result "0-1"]
[WhiteElo "2628"]
[BlackElo "2608"]
[Annotator "Ribli,Z"]
[PlyCount "76"]
[EventDate "2005.04.19"]
[EventType "team-tourn"]
[EventRounds "11"]
[EventCountry "RUS"]
[SourceTitle "EXT 2020"]
[Source "ChessBase"]
[SourceDate "2019.10.17"]
[SourceVersion "1"]
[SourceVersionDate "2019.10.17"]
[SourceQuality "1"]
[WhiteTeam "Kazan Ladya"]
[BlackTeam "Tomsk 400"]
[WhiteTeamCountry "RUS"]
[BlackTeamCountry "RUS"]

1. c4 c5 2. Nf3 Nc6 3. Nc3 e5 4. e3 Nf6 (4... f5) 5. d4 cxd4 {Die andere
Möglichkeit für Schwarz ist 5...exd4. Nach 6.exd4 d5 7.Be2 bekommt Weiß einen
kleinen Positionsvorteil. Mit der Partiefortsetzung bekommt Schwarz viel mehr
Gegenchancen.} 6. exd4 e4 7. Ne5 Bb4 8. Be2 Qa5 9. Nxc6 dxc6 (9... Bxc3+ 10.
bxc3 dxc6 11. Qb3 O-O 12. O-O b6 13. Qb4 Qf5 14. Qd6 Qg6 15. Bf4 Bg4 16. Bxg4
Qxg4 17. Be5 Qd7 18. a4 Rfd8 19. Qxd7 Nxd7 20. Bd6 {1/2-1/2 Bruk,O-Gershon,A/
Israel 2003/EXT 2004 (20)}) 10. Bd2 (10. O-O O-O 11. Qb3 Rd8 12. Be3 Be6 13.
Qc2 Qf5 14. h3 Qg6 {1/2-1/2 Malakhatko,V-Borovikov,V/Swidnica 2000/EXT 2003 
(14)}) 10... O-O 11. O-O Re8 (11... Rd8 12. a3 Bxc3 13. Bxc3 Qg5 14. Qc1 Qg6
15. Qe3 h5 16. Rad1 Bg4 17. h3 Bxe2 18. Qxe2 Rd7 {1/2-1/2 Stocek,J-Movsesian,S/
Plzen 2001/EXT 2002 (26)}) 12. a3 (12. Rc1 Qf5 13. Be3 Qg6 {1/2-1/2 Sherbakov,
R-Khasin,A/Krasnoiarsk 1998/EXT 2000 (13)}) (12. Re1 Qf5 $5) 12... Bxc3 13.
Bxc3 Qg5 {Weiß verfügt über das Läuferpaar und eine starke Bauernstellung im
Zentrum, aber der schwarze Pe4 ist stark und bietet Raumvorteil am
Königsflügel; es droht jetzt 14...Bh3.} 14. Bd2 (14. Qd2 e3 (14... Qg6) 15.
fxe3 Ne4 16. Qc1 Nxc3 17. Qxc3 Qxe3+ 18. Qxe3 Rxe3 19. Bf3 Bd7 20. d5 a5 21. b4
axb4 22. axb4 Rea3 23. Rxa3 Rxa3 24. Rb1 Kf8 25. d6 Ke8 26. c5 {1-0 Kosten,
A-Karr,J/France 2000/EXT 2001 (60)}) (14. Qc1 Qg6 15. Qf4 h5 16. Rad1 (16. d5
Bg4 $11) (16. Rfe1 Bg4 17. d5 $11 (17. Bf1 h4 $15)) 16... Bg4 17. Rfe1 Rad8 18.
Qg3 Qf5 19. h3 Bxe2 20. Rxe2 b5 21. b3 Rd7 22. d5 bxc4 23. bxc4 cxd5 24. Bxf6 {
1/2-1/2 Franco Ocampos,Z-Cheparinov,I/Mondariz Balneario 2003/EXT 2004 (24)})
14... Qg6 15. Bf4 Bh3 $146 (15... h5 16. Kh1 Bg4 17. h3 Qf5 (17... Bxe2 18.
Qxe2 Qf5 19. Qe3 Re6 20. Rad1 a6 21. Rd2 Rd8 22. Rfd1 Rd7 {1/2-1/2 Olsen,
H-Hall,J/Reykjavik 1998/CBM 64 (84)}) 18. Bh2 Bxe2 19. Qxe2 Rad8 20. Rad1 Nd7
21. Qe3 Nf8 22. Rd2 Rd7 23. Rfd1 Red8 {0-1 Schwartzman,G-De Firmian,N/Las
Vegas 1996/EXT 2001 (37)}) 16. Bg3 Bg4 {[%mdl 32] Das ist eine gute Strategie
von Schwarz: er tauscht seinen weißfeldrigen Läufer und bringt seinen Springer
ins Spiel.} 17. Bxg4 Nxg4 $11 {[%cal Ga8d8,Gd8d4,Ge4e3] Schwarz hat eine
bequeme, gleiche Stellung; im weiteren Partieverlauf kann er seinen Turm mit
Rad8 ins Spiel bringen und auch e4-e3 ziehen.} 18. Re1 Rad8 {[%cal Gd8d1]} (
18... Nh6 19. d5 Nf5 20. d6 Rad8 21. c5 $14) (18... e3 19. f3 Nh6 20. Bf4 Nf5
21. Qd3 $14) 19. Qb3 b6 (19... Rxd4 20. Qxb7 Rxc4 21. Qxa7 $14 {Die Stellung
ist materiell gleich, aber der weiße a-Freibauer ist sehr stark und Schwarz
muss am Königsflügel versuchen, taktische Gegenchancen zu finden.}) 20. Rad1 f5
{Schwarz mobilisiert seine Bauernmehrheit am Königsflügel.} (20... Nh6 21. Qa4
$14) 21. Qa4 $6 (21. c5+ Qf7) (21. h3 Nf6 22. Be5 c5) (21. d5 cxd5 22. cxd5 Ne5
) (21. Bf4 $142 $11) 21... e3 $1 $36 22. f3 e2 {[%csl Ge2] Der schwarze Pe2
ist sehr stark und blockiert die weiße Stellung.} (22... f4 23. Bxf4 Nf2 (23...
e2 24. Rd2 Qb1 25. Bg3 $18) 24. Bxe3 Nxd1 25. Qxd1 $14) (22... Nf2 23. Bxf2
exf2+ 24. Kxf2 Rxe1 25. Rxe1 Rxd4 26. Qc2 $11) (22... Qh6 $5 23. fxg4 f4 24. g5
Qxg5 25. Qxc6 fxg3 26. hxg3 $11) 23. Rc1 $2 (23. Rd2 $142 Qh6 24. Rdxe2 Rxe2
25. Rxe2 f4 26. fxg4 fxg3 27. hxg3 Qc1+ 28. Kh2 Qh6+ 29. Kg1 $11) 23... f4 $1
24. Bh4 (24. Bxf4 Qf6 25. Bg3 Qxd4+ 26. Kh1 Nf2+ 27. Bxf2 Qxf2 $19) 24... Nxh2
$1 {[%mdl 64] Mit diesem schönen vorübergehenden Opfer schwächt Schwarz die
weiße Königsstellung.} 25. Kxh2 Qh5 $17 {[%cal Rh5h2]} 26. Kg1 (26. Kh3 g5 $19)
(26. g3 fxg3+ 27. Kxg3 Rd6 $19 {[%cal Rd6g6,Rg6g3]}) 26... Qxh4 27. Qxc6 Qe7 {
[%csl Rg1][%cal Re7e3,Re3g1]} 28. Qe4 (28. d5 Rd6 29. Rxe2 Qxe2 30. Qxd6 Qe3+
$19) 28... Qf6 {Netürlich tauscht Schwarz nicht seine aktive Dame.} (28... Qxe4
29. fxe4 Rxe4 30. d5 $15) 29. Qd3 Rxd4 30. Qc2 (30. Qc3 Qd8 31. c5 bxc5 32.
Qxc5 Rd1 33. Qc4+ Kh8 34. Qxf4 g5 $3 35. Qc4 (35. Qb4 Rxc1 36. Rxc1 Qd1+ $19)
35... Qd2 $19) 30... Rde4 $1 $19 (30... Qe7 31. Qc3 Qd8 32. c5 {Mit
Zugumstellung können wir die Variante 30.Qc3 Qd8 31.c5 erreichen.}) 31. Qc3 (
31. fxe4 Qd4+ 32. Kh1 Re6 $19) 31... R4e5 32. b4 Qh4 $2 (32... Qh6 $1 $19 {
[%cal Re5h5,Rh5h1]}) 33. Qd2 $1 (33. c5 $2 Rh5 34. Qc4+ Kf8 35. Rxe2 Rxe2 36.
Qxe2 Qh1+ 37. Kf2 Qxc1 $19) 33... Qg5 34. Qd7 $2 (34. Qa2 Kh8 35. Rc2 Qe7 36.
Rd2 $17) 34... Rd8 35. Qxa7 Qf6 {[%cal Yf6d4] Es droht 36...Re6 und 37...Qd4+.}
36. c5 Re6 {[%cal Rf6d4,Rd4g1]} 37. Rxe2 (37. Rc4 Rd1 $19) 37... Rxe2 38. Qxb6
Qg5 0-1

[Event "FRA-chT Top 16 GpA"]
[Site "Mulhouse"]
[Date "2005.02.06"]
[Round "3"]
[White "Schlosser, Philipp"]
[Black "Sokolov, Andrei"]
[Result "1-0"]
[WhiteElo "2570"]
[BlackElo "2582"]
[Annotator "Ribli,Z"]
[PlyCount "83"]
[EventDate "2005.02.04"]
[EventType "team"]
[EventRounds "7"]
[EventCountry "FRA"]
[SourceTitle "CBM 106"]
[Source "ChessBase"]
[SourceDate "2005.06.06"]
[SourceVersion "1"]
[SourceVersionDate "2005.06.06"]
[SourceQuality "1"]

1. e4 c5 2. Nf3 e6 3. c4 Nc6 4. Nc3 Nf6 (4... e5 $5 {Mit diesem Zug verliert
Schwarz ein Tempo, aber er kann statt Nf6 - entweder f7-f5 spielen, oder nach
g6-Bg7 seinen Königsspringer elastisch auf e7 entwickeln.} 5. d3 (5. g3 g6 6.
Bg2 Bg7 $13) 5... d6 6. g3 Be7 7. Bg2 f5 $13) 5. Be2 e5 {Die natürliche
Fortsetzung ist 5...d5. (Möchte Schwarz die Stellung geschlossen halten, so
siehe meine Anmerkungen nach 4...e5!?).} 6. d3 g6 7. O-O Bg7 8. a3 $5 {Weiß
bereitet b2-b4 vor.} d6 (8... a5 9. Bg5 d6 10. Nd5 Be6 11. Qd2 O-O 12. Rab1 Rb8
13. Rfc1 Re8 14. Bd1 Rf8 15. Ba4 {1-0 Sveshnikov,E-Vyzmanavin,A/Podolsk 1992/
CBM 33 (37)}) 9. b4 $5 (9. Rb1 O-O 10. b4 h6 11. Nd5 b6 12. Bd2 Nxd5 13. cxd5
Nd4 14. Nxd4 cxd4 (14... exd4 15. f4 Kh7 16. g4 Qe7 17. Bf3 Ba6 18. Qb3 Rac8
19. b5 Bb7 20. Rbe1 Rce8 21. Re2 Bc8 22. Kg2 Qh4 23. Be1 Qd8 24. Bg3 $14 {
0-1 Rausis,I-Bergstrom,R/Gausdal 1997/EXT 98 (38)}) 15. f4 exf4 16. Bxf4 g5 17.
Bc1 f5 18. exf5 Bxf5 19. Bg4 Qd7 20. Rxf5 Rxf5 21. Qe2 Re5 {1/2-1/2 Pilgaard,
K-Fogarasi,T/Budapest 2002/(36)}) 9... b6 {Schwarz nimmt nicht den Bauern auf
b4, sondern verstärkt sein Bauernzentrum.} (9... O-O 10. bxc5 dxc5 11. Rb1 b6
12. Nd5 Ne8 (12... Nxd5 13. cxd5 Nd4 14. Nxd4 cxd4 15. Bd2 Qd7 16. Qb3 Ba6 17.
Rfd1 Rfc8 18. a4 Bf8 19. h4 {1/2-1/2 Sorokin,M-Maherramzade,J/Ubeda 2000/CBM
75 (19)}) 13. Nd2 Nd6 14. Bb2 Be6 15. Bf3 Qd7 16. Bc3 Rab8 17. a4 Rfc8 18. g3
Nd4 19. Bg2 {1-0 Malakhov,V-Shipov,S/Moscow 2003/(49)}) 10. Nd5 h6 $5 {Schwarz
nimmt nicht auf d5, sondern verteidigt sich gegen die Fesselung Bg5 und
bereitet g6-g5 vor.} (10... Nxd5 11. exd5 (11. cxd5 Nd4 (11... Ne7 12. bxc5
bxc5 13. Nd2 $14 {[%cal Gd2c4]}) 12. Nxd4 exd4 $13 (12... cxd4 13. f4 $14))
11... e4 (11... Nd4 12. Nxd4 exd4 (12... cxd4) 13. Bg4 O-O (13... f5 14. Re1+
Kf7 15. Bf3 $14) 14. Bxc8 Rxc8 15. Re1 $14) 12. dxe4 (12. dxc6 exf3 13. Bxf3
Bxa1 14. c7 (14. Bh6 Be5 15. c7 Qh4 $19) 14... Qxc7 15. Bxa8 O-O $11) 12...
Bxa1 13. dxc6 $44) 11. b5 Ne7 (11... Nd4 12. Nxd4 exd4 13. a4 $14) (11... Nxd5
12. exd5 Nd4 (12... e4 13. dxc6 Bxa1 14. dxe4 $16) 13. Nxd4 cxd4 14. a4 $14)
12. a4 a5 $6 (12... Nfxd5 $142 13. cxd5 (13. exd5 $2 e4 $19) 13... Nxd5 14.
exd5 e4 15. Bxh6 $1 Rxh6 16. dxe4 g5 $13 (16... Bxa1 17. Qxa1 g5 18. Qc1 $44))
13. Bb2 $14 g5 {Schwarz plant taktisches Gegenspiel am Königsflügel, aber der
Textzug schwächt gleichzeitig das Feld f5.} (13... Nfxd5 14. cxd5 $14 {[%csl
Yc4][%cal Gf3d2,Gd2c4]}) (13... O-O 14. Nd2 $14) 14. Nd2 Ng6 15. g3 Be6 16. Kh1
Rb8 (16... h5 $5 17. Nxf6+ Qxf6 18. Bxh5 Bh3 19. Qf3 Bxf1 20. Rxf1 $44) 17. Rg1
$1 {[%csl Yf5][%cal Gd2f1,Gf1e3,Ge3f5][%mdl 32] Weiß bereitet das
Springermanöver Nf1-Ne3 vor, um das Feld f5 zu besetzen.} h5 {[%cal Gh5h4]
Schwarz opfert einen Bauern für aktives Spiel am Königsflügel.} 18. Nxf6+ Qxf6
19. Bxh5 Kd7 (19... Qxf2 $4 20. Rf1 $18) 20. Rg2 {[%csl Gg2][%mdl 256] Der
Turm verteidigt sicher den weißen Königsflügel.} Rh7 21. Bg4 Rbh8 22. Nf1 {
[%csl Yd5,Gf1,Yf5][%cal Gf1e3,Ge3f5,Ge3d5,Gf1h2]} Ne7 23. Qe2 Qh6 {[%cal Gh8h1]
Die schwarze schwere Artillerie scheint gefährlich auf der h-Linie, aber es
droht nichts Konkretes.} 24. Ne3 $16 Bf6 {24...Qxh2+?? geht nicht, da nach 25.
Rxh2 Rxh2+ 26.Kg1 Rh1+ 27.Kg2 R8h2+ Weiß mit 28.Kf3 gewinnt.} 25. Rf1 {
Schrittweise verbessert Weiß seine Stellung; Schwarz hat keine Kompensation
für den Minusbauern.} Ng8 26. Kg1 Bd8 27. f4 $1 (27. Bf5) 27... gxf4 28. gxf4
exf4 29. Nf5 $18 {[%csl Gf5][%cal Rb2h8,Rf5h6]} Qf8 30. Bxh8 Rxh8 31. e5 {
Weiß hat nun Materialvorteil und Angriff.} (31. Rxf4 $18) 31... Nh6 32. Nxd6 (
32. Nxh6 Qxh6 33. exd6 $18) 32... Nxg4 33. Rxg4 Qh6 (33... Bxg4 34. Qxg4+ $18)
34. Rgxf4 f6 35. Nf5 Qh7 36. Qg2 $1 {[%cal Rg2c6,Rc6d7]} Bxf5 37. Qc6+ Ke7 38.
exf6+ Kf7 39. Qb7+ Kf8 40. Qg7+ Qxg7+ 41. fxg7+ Kxg7 42. Rxf5 1-0

[Event "Luzern"]
[Site "Luzern"]
[Date "1989.??.??"]
[Round "?"]
[White "Landenbergue, Claude"]
[Black "Franco Ocampos, Zenon"]
[Result "0-1"]
[WhiteElo "2345"]
[BlackElo "2475"]
[Annotator "Ribli,Z"]
[PlyCount "62"]
[EventDate "1989.10.??"]
[EventType "tourn"]
[EventRounds "11"]
[EventCountry "SUI"]
[EventCategory "8"]
[SourceTitle "CBM 016"]
[Source "ChessBase"]
[SourceDate "1990.06.01"]
[SourceVersion "1"]
[SourceVersionDate "1990.06.01"]
[SourceQuality "1"]

1. Nf3 c5 2. g3 Nc6 3. c4 Nf6 4. Bg2 d5 5. cxd5 Nxd5 6. Nc3 Nc7 7. O-O e5 8.
Ne1 Be6 (8... Bf5 9. f4 exf4 10. d3 Bd6 11. Bxf4 Bxf4 12. Bxc6+ bxc6 13. Rxf4
Bg6 14. Qa4 Qd6 15. Rc4 O-O 16. Ng2 Rfb8 17. Qc2 Ne6 {Adgestein,S-Farago,I 
Wijk aan Zee 1988 45/(49)  =}) (8... Bg4 $5) 9. Bxc6+ (9. Nd3 $6 f6 10. f4 c4
11. Nf2 exf4 12. gxf4 Qd7 13. d3 Rd8 {Smyslov-Huebner  Velden cq (6) 35/65  =})
9... bxc6 10. Qa4 Qd7 11. Nd3 f6 12. b3 Bh3 13. Re1 Nb5 14. Qc4 Nd4 15. Na4 Qd5
16. Qxd5 cxd5 17. Ndxc5 Nc2 18. Bb2 Rc8 19. d4 exd4 20. Nd3 Bd6 21. Rad1 Kf7
22. f3 Rc7 23. Kf2 Nxe1 24. Nxe1 h5 25. Bxd4 Be6 26. Nd3 a6 27. Nab2 Rhc8 28.
Na4 Rc2 29. Ra1 Be5 30. Bxe5 fxe5 31. Ne1 Rc1 0-1

[Event "Herzliya"]
[Site "Herzliya"]
[Date "1998.09.06"]
[Round "1"]
[White "Kantsler, Boris"]
[Black "Liss, Eran"]
[Result "1-0"]
[WhiteElo "2535"]
[BlackElo "2505"]
[Annotator "Ribli,Z"]
[PlyCount "91"]
[EventDate "1998.09.??"]
[EventType "tourn"]
[EventRounds "11"]
[EventCountry "ISR"]
[EventCategory "10"]
[SourceTitle "EXT 1999"]
[Source "ChessBase"]
[SourceDate "1998.11.16"]
[SourceVersion "1"]
[SourceVersionDate "1998.11.16"]
[SourceQuality "1"]

1. Nf3 Nf6 2. c4 c5 3. Nc3 Nc6 4. g3 d5 5. d4 $5 {Nach diesem Zug hat Schwarz
Eröffnungsprobleme. Bei gutem Spiel kann er das Remis erreichen, aber er kann
sich keine Hoffnungen auf den vollen Punkt machen. Ribli.} cxd4 (5... e6 $5 6.
cxd5 (6. Bg2 dxc4 $1 $11) 6... Nxd5 7. Bg2 cxd4 8. Nxd4 Nxc3 9. bxc3 Nxd4 10.
Qxd4 Qxd4 11. cxd4 Bb4+ {Diese Variante bietet dem Schwarzen bessere
Ausgleichschancen als die Partiefortsetzung.}) 6. Nxd4 dxc4 7. Nxc6 Qxd1+ 8.
Nxd1 bxc6 9. Bg2 Nd5 10. Ne3 e6 11. Nxc4 {Weiß hat dauerhaften strukturellen
Vorteil wegen der Schwäche auf c6. Anderseits hat Schwarz aktives Figurenspiel
und einen starken Springer auf d5.} Ba6 12. b3 Bb4+ 13. Bd2 {[#]} Bxd2+ (13...
Ke7 14. Rc1 Rac8 15. Bxb4+ Nxb4 16. a3 Nd5 17. Na5 c5 18. O-O (18. Rc2 Rc7 19.
O-O Rhc8 20. Rfc1 Nb6 21. Bf1 f5 22. e3 Bxf1 23. Kxf1 g5 24. Ke2 {Kengis,
E-Hansen,C/Aarhus 1997/Inf 70 (34)}) 18... Rc7 19. Rfd1 Rd8 20. Bf3 Rd6 21. Rd2
Nb6 22. Rdc2 c4 23. Nxc4 Bxc4 24. bxc4 Rc5 25. Be4 Nd7 26. Rb1 Rb6 27. Rb5 {
1-0 Bareev,E-Lalic,B/Lucerne 1997/CBM 62 (74)}) (13... O-O-O 14. Rc1 Bxd2+ 15.
Nxd2 Kc7 16. Nf3 f6 17. Nd4 Rd6 18. Bxd5 exd5 19. Kd2 Kb6 20. a4 c5 21. a5+
Kxa5 22. Rxc5+ Kb6 23. Rhc1 Rd7 24. Rc6+ Kb7 25. Re6 Rhd8 26. Rcc6 {1-0
Chernikov,O-Suetin,A/Bad Wildbad 1997/EXT 99 (26)}) 14. Nxd2 Nb4 15. Be4 $5 {
[#]} Rc8 (15... Ke7 16. a3 Nd5 17. Rc1 c5 18. h4 Rac8 19. h5 h6 20. Rh4 Bb5 21.
Bf3 Rhd8 22. Nc4 Rc7 23. Na5 Rdc8 24. e3 Nb6 25. Be2 Bxe2 26. Kxe2 {1/2-1/2
Ehlvest,J-Berelovich,A/Koszalin 1998/CBM 65 ext (68)}) 16. a3 Nd5 17. Rc1 (17.
Bf3 Ke7 18. Rc1 c5 19. e4 Nb6 20. Be2 Bb7 21. f3 Rhd8 22. Nc4 Nxc4 23. Rxc4 Rd4
24. Rc2 $2 Rxe4 $1 {0-1 San Segundo,P-Illescas Cordoba,M/Madrid 1996/CBM 53 
(43)}) 17... c5 18. Bd3 $1 $14 {[#]Mit der Partiefortsetzung kann Weiß die
Läufer tauschen, wonach der c5-Bauer noch schwächer wird.} (18. Nc4 Ne7 19. Bd3
{1/2-1/2 Lalic,B-Vaganian,R/Moscow 1994/CBM 44 ext (19)}) 18... Bxd3 (18... Rc6
19. Bxa6 Rxa6 20. a4 {[%csl Rc5]}) (18... Bb7 19. Ne4 {[%csl Rc5][%cal Re4d6,
Rd6e8,Rd6c8]}) 19. exd3 {Jetzt ist zwar der weiße Bauer auf d3 auch schwach,
aber der c5-Bauer ist besser angreifbar.} Ke7 (19... f5 20. d4 $16 (20. b4 $16)
) 20. Ne4 {[%csl Rc5]} Rhd8 {Schwarz hat nichts besseres als den Bauern
aufzugeben.} 21. Nxc5 (21. Ke2 $5 $14) (21. Kd2 $2 Nf6 $11 22. Nxc5 $4 Rxc5 23.
Rxc5 Ne4+ $19 {[%cal Re4d2,Re4c5]}) 21... Nc7 {[%cal Gc7b5]} 22. Kd2 (22. Ke2
Nb5 {[%csl Gb5][%cal Rb5a3]} 23. a4 Nd4+ 24. Ke3 Rd5 25. b4 a5 $132) 22... Nb5
23. Nb7 $1 (23. a4 $6 Nd4 24. b4 a5 $132 25. bxa5 $4 Rxc5 $19 {[%cal Rd4b3,
Rb3d2]}) 23... Rxc1 (23... Re8 24. Na5 (24. a4 Nd4 25. Na5 $16) 24... Nxa3 25.
Nc6+ Kd7 26. Nxa7 $16) (23... Nd4 24. Na5 $16 (24. Nxd8 $2 Nxb3+ $15 {[%cal
Rb3c1,Rb3d2]})) 24. Rxc1 Rd7 (24... Rb8 25. Na5 $16 {[%csl Ga5][%cal Ra5c6,
Rc6e7,Rc6b8]}) 25. Nc5 Rd5 $6 {[%csl Rc5] Ein natürlicher Zug, aber seine
Alternative ...Rc7 scheint mir besser zu sein.} (25... Rc7 26. a4 Nd4) 26. b4
$1 $16 (26. a4 $6 Nd4 $132 {[%csl Gd4]}) 26... Nd4 (26... Nxa3 27. Ra1 Nb5 (
27... Nc4+ 28. Kc3 $16) 28. Ra5 $16 {[%csl Ga5,Ra7]}) 27. Rc4 $5 e5 {Schwarz
hat etwas Aktivität für den Bauern, aber mit gutem Spiel verwertet Weiß seinen
Materialvorteil.} (27... Nf3+ 28. Ke2 Nxh2 $2 29. Rh4 {[%csl Rh2]} Re5+ 30. Ne4
f5 31. f4 {[%csl Re5]} Rd5 (31... Rb5 32. Nc3 $18 {[%csl Rb5,Rh2][%cal Rc3b5,
Rh4h2]}) 32. Nc3 $18 {[%csl Rd5,Rh2][%cal Rc3d5,Rh4h2]}) 28. h4 f5 29. Ke3 {
Weiß bereitet den Zug f2-f4 vor, nach dem der Springer auf d4 unsicher steht.}
Nb5 30. a4 Nd6 31. Rc3 Ne8 (31... f4+ 32. gxf4 exf4+ (32... Nf5+ $2 33. Ke4 $18
{[%cal Re4f5,Re4d5]}) 33. Kxf4 Rd4+ {[%cal Rd4h4,Rd4a4]} 34. Ne4 Rxb4 35. Rc7+
$16 {[%cal Rc7h7,Rc7a7]}) (31... Rd4 32. f4 $1 Rxb4 33. fxe5 $16) 32. Nb3 (32.
b5 $5) 32... Nf6 33. Rc7+ (33. b5 Rd7 {[%cal Rf6d5,Rd5c3,Rd5e3]}) 33... Rd7 34.
Rxd7+ Kxd7 {Weiß besitzt einen Mehrbauern im Springerendspiel und besonders
seine Bauern am Damenflügel sind gefährlich. Schwarz muß die Springer auf dem
Brett behalten, denn im Bauernendspiel hätte er überhaupt keine
Rettungschancen.} 35. b5 Nd5+ 36. Kd2 Kd6 37. f3 (37. Na5) 37... h5 38. Na5 f4
(38... Nb6 39. Nc4+ $18) 39. g4 (39. Nc4+ $5) 39... Kc5 (39... Nb6 40. Nc4+
Nxc4+ 41. dxc4 Kc5 (41... hxg4 42. fxg4 e4 43. h5 $18 (43. a5 Kc5 44. b6 (44.
a6 Kb6 (44... Kd4 45. b6 $18) (44... Kxc4 45. b6 $18) 45. h5 $18) 44... axb6
45. a6 Kc6 46. h5 $18)) 42. a5 $18) 40. Nc6 {[%csl Ra7,Gc6][%cal Rc6e5,Rc6a7]}
a6 (40... Nb6 41. Nxa7 Nxa4 42. Nc6 $18 {[%csl Re5]}) 41. Nxe5 axb5 42. axb5
Kxb5 43. gxh5 $18 {Weiß setht auf Gewinn. Er hat zwei Bauern mehr und der
schwarze König ist weit von den Bauern am Königsflügel entfernt.} Ne3 (43...
Nf6 44. d4 {[%csl Rb5,Gd4,Ge5]} (44. h6 gxh6 45. Ng4 Ng8 46. h5 Kc5 47. Kc3 Kd5
48. d4 $18) 44... Nxh5 45. Kd3 $18 {[%csl Rb5,Gd3][%cal Rd3e4]}) 44. d4 {
[%csl Rb5,Yc4,Yc5,Yc6] Der schwarze König ist abgesperrt, denn Weiß
kontrolliert die Felder c4,c5 und c6.} Nf5 {[%cal Rf5h4,Rf5d4]} 45. Kd3 {
[%csl Gd3]} Ng3 (45... Nxh4 46. Ke4 $18) 46. Ng6 {Und Schwarz gab auf, denn er
verliert auch noch seinen f-Bauern.} (46. Ng6 Nxh5 47. Ke4 $18 {[%csl Ge4,Rf4]}
) 1-0